LEADER 01127nam2 22003133i 450 001 UBO0295097 005 20231121125853.0 010 $a8804357746 010 $a9788804357742$b5. ed. 2009 100 $a20200406d1998 ||||0itac50 ba 101 | $aita 102 $ait 181 1$6z01$ai $bxxxe 182 1$6z01$an 200 0 $a1$fRobert Musil$gedizione di Adolf Frise$gtraduzione, cronologia e note a cura di Ada Vigliani$gprefazione di Giorgio Cusatelli 205 $a2. ed 210 $aMilano$cA. Mondadori$d1998 215 $aLXVIII, 1016 p.$d18 cm. 461 1$1001MIL0131794$12001 $a˜L'œuomo senza qualità$fRobert Musil$v1 676 $a833.912$9Narrativa tedesca, 1900-1945$v21 700 1$aMusil$b, Robert$3CFIV017321$0132412 801 3$aIT$bIT-01$c20200406 850 $aIT-FR0017 899 $aBiblioteca umanistica Giorgio Aprea$bFR0017 $eN 912 $aUBO0295097 950 2$aBiblioteca umanistica Giorgio Aprea$d 52MAG 5 Coll C 72.1$e 52FLS0000165275 VMB RS $fA $h20200406$i20200406 977 $a 52 996 $a1$93639813 997 $aUNICAS LEADER 01496nam0 22003133i 450 001 RAV0284880 005 20231121125642.0 010 $a8820322927 020 $aIT$b97-4493 100 $a20140704d1996 ||||0itac50 ba 101 | $aita$cita 102 $ait 181 1$6z01$ai $bxxxe 182 1$6z01$an 200 1 $aAcquedotti$eguida alla progettazione$fValerio Milano 210 $aMilano$cU. Hoepli$d©1996 215 $a643 p.$cill.$d24 cm. 500 10$aAcquedotti$3UBS0017602$9CFIV110236$977590 606 $aAcquedotti$2FIR$3RMLC378218$9I 676 $a628.15$9$v21 700 1$aMilano$b, Valerio$3CFIV110236$4070$0333792 801 3$aIT$bIT-01$c20140704 850 $aIT-FR0099 899 $aBiblioteca Area Ingegneristica$bFR0099 912 $aRAV0284880 950 0$aBiblioteca Area Ingegneristica$d 54DMS 628.1 MIL$e 54VM 0000123405 VM barcode:ING706M. - Inventario:706mVM$fA $h20030218$i20121204$d 54DII 628.1 MIL$e 54VM 0000123395 VM barcode:ING4795D. - Inventario:4795DVM$fA $h20041220$i20121204$d 54DMS 628.1 MIL$e 54VM 0000123385 VM barcode:BAIN003215. - Inventario:1579M. - Fondo:Polo Didattico FrosinoneVM$fA $h20041117$i20121204$d 54DMS 628.1 MIL$e 54VM 0000123375 VM barcode:BAIN004480. - Inventario:1352MVM$fA $h20040524$i20121204 977 $a 54 996 $aAcquedotti$977590 997 $aUNICAS